000 00577nam a2200193Ia 4500
008 131103s9999 xx 000 0 und d
040 _aLoreto College
041 _aEnglish
082 _a320.5/HUN
_bLCBKB/186
100 _aHunt, R. N. Carew
245 _aTheory and practice of communism
_b an introduction
_cR. N. Carew Hunt
260 _aHarmondsworth
_bPenguin Books
_c1970
300 _a315 p.
_c 18 cm.
504 _aIncludes bibliographical references and index
650 _aPolitical Science
651 _aCommunism
850 _aLCBKB/320.5/HUN
942 _cBK
999 _c34819
_d85298